header

Performance-oriented application development for distributed architectures (Record no. 104531)

MARC details
000 -LEADER
fixed length control field 01589nam a22003614a 4500
082 04 - DEWEY DECIMAL CLASSIFICATION NUMBER
Classification number 005.1
245 10 - TITLE STATEMENT
Title Performance-oriented application development for distributed architectures
260 ## - PUBLICATION, DISTRIBUTION, ETC. (IMPRINT)
Place of publication Amsterdam ;a Washington, D.C. :
Name of publisher IOS Press,
Year of publication 2002.
300 ## - PHYSICAL DESCRIPTION
Number of Pages v, 100 p. :
Other physical details ill.
500 ## - GENERAL NOTE
General note Also published as volume 10, no. 1 of the journal Scientific programming.
650 #0 - SUBJECT ADDED ENTRY--TOPICAL TERM
Topical Term Electronic data processing
Topical Term Application software
Topical Term Computer architecture
Topical Term High performance computing
700 1# - ADDED ENTRY--PERSONAL NAME
Personal name Gerndt, Michael.
856 40 - ELECTRONIC LOCATION AND ACCESS
Uniform Resource Identifier http://site.ebrary.com/lib/rucke/Doc?id=10116488

No items available.

© 2026 Rongo University
Contact us: librarian | system librarian | Rongo university